Normal view
MARC view
- Kuo, Sen M Morgan, Dennis R
Entry Personal Name
001 - CONTROL NUMBER
- control field: 74489
003 - CONTROL NUMBER IDENTIFIER
- control field: NUST
005 - DATE AND TIME OF LATEST TRANSACTION
- control field: 20210628205228.0
008 - FIXED-LENGTH DATA ELEMENTS
- fixed length control field: 210628|| aca||aabn | a|a d
040 ## - CATALOGING SOURCE
- Original cataloging agency: NUST
- Transcribing agency: NUST
100 ## - HEADING--PERSONAL NAME
- Personal name: Kuo, Sen M Morgan, Dennis R
670 ## - SOURCE DATA FOUND
- Source citation: Work cat.: (NUST): Kuo, Sen M Morgan, Dennis R, Active noise control systems algorithms amd dsp implementations - with disk, 1996
